Fundamentación de la metafísica de las costumbres
Guardat en:
| Autor principal: | |
|---|---|
| Altres autors: | |
| Format: | Llibre |
| Idioma: | espanyol |
| Publicat: |
Madrid
Espasa-Calpe
1977
|
| Edició: | 5a. ed |
| Col·lecció: | Colección Austral, 648
|
| Matèries: | |
| Etiquetes: |
Afegir etiqueta
Sense etiquetes, Sigues el primer a etiquetar aquest registre!
|
MARC
| LEADER | 00000cam a2200000 a 4500 | ||
|---|---|---|---|
| 001 | UCL0383 | ||
| 003 | CL-VaPUC | ||
| 005 | 20220421114851.0 | ||
| 008 | 030711e19770000SP |||||||||||||||||spa|d | ||
| 999 | |c 304256 |d 304254 | ||
| 020 | |a 8423906485 | ||
| 040 | |c Pontificia Universidad Católica de Valparaíso | ||
| 082 | 0 | 4 | |a 142.3 |b KAN |2 21 |
| 100 | |a Kant, Immanuel |e autor |9 868690 | ||
| 245 | 1 | 0 | |a Fundamentación de la metafísica de las costumbres |
| 250 | |a 5a. ed | ||
| 260 | |a Madrid |b Espasa-Calpe |c 1977 | ||
| 300 | |a 146 p | ||
| 490 | 0 | |a Colección Austral, 648 | |
| 583 | |a last modification |c 20150416 15:37:54 |k Rodrigo Vera | ||
| 650 | 0 | |a Metafísica |9 265649 | |
| 650 | 0 | |a Razón |9 314475 | |
| 700 | |a García Morente, Manuel |e autor |9 347175 | ||
| 852 | |a BIBCUR | ||
| 942 | |c BK |2 ddc | ||
| 945 | |d 20030711 00:00:00 |a cmena | ||
| 952 | |0 0 |1 0 |4 0 |6 142_300000000000000_KAN_1977 |7 0 |8 A |9 366220 |a BIBDER |b BIBDER |d 2019-11-21 |i 3919153 |l 2 |m 2 |o 142.3 KAN 1977 |p 3919153 |r 2023-01-25 |s 2022-11-07 |w 2019-11-21 |y BK |k DER | ||
| 952 | |0 0 |1 0 |3 erb |4 0 |6 142_300000000000000_KAN_1977 |7 0 |8 R |9 366221 |a BIBEDU |b BIBEDU |c MCIRC |e Villagrán Garnham, Jorge |i 5159679 |o 142.3 KAN 1977 |p 5159679 |r 2023-01-13 |w 2019-11-21 |y BK_R |z Catalogado en:20150416 |k FIL | ||